00834cam3a220027700 4500001001200000008004100012010001600053015001500069020001500084020001100099035001900110035002100129035002200150040000900172050001600181082001100197100003800208245004900246260004700295504005100342650003600393700005700429949004500486004000600531999001900537lce00882260740223s1973 stka b 001 0 eng  a 73085351 aGB73-32097 a0443010501 cL.5.00 a(Sirsi) r61983 a(DLC) 73085351 a(UPRA)lce00882260 dUPRA0 aTX795b.H93 a637/.41 aHyde, Kenneth Armitage.6A21615.110aIce cream /c[by] K.A. Hyde and J. Rothwell. aEdinburgh :bChurchill Livingstone,c1973. aIncludes bibliographical references and index.20aIce cream, ices, etc.6S15135.11 aRothwell, J. (Janet)qRothwell, J. (Janet)6A21616.1 aTX795wlcci-81692mMAINtBOOKlON-SHELF61983 c165294d165294